| 000 | 00521cam a22001937a 4500 | ||
|---|---|---|---|
| 008 | 180718b1999 xxu||||| |||| 00| 0 eng d | ||
| 020 | _a8170335012 | ||
| 082 | _aB2 Sh42 | ||
| 100 | _aShekhar, K. Chandra | ||
| 245 |
_aHarold J. Laski: state and ideology _cby K. Chandra Shekhar |
||
| 260 |
_aJaipur _bRawat _c1999 |
||
| 300 | _a278p. | ||
| 440 | _aIdeas and thinkers in social sciences | ||
| 650 | _aPluralism. | ||
| 650 | _aAuthority | ||
| 650 | _aLaw and state | ||
| 650 | _aSovereignty | ||
| 650 | _aState, The | ||
| 999 |
_c390143 _d390143 |
||